000 00492cam a22001932 4500
001 0000000964
005 20170406113024.0
008 131121s xx 000 0 eng d
020 _c$
040 _aYour Holding Symbol
_cYour Holding Symbol
100 1 _aWinterborn,Benjamin.
245 1 0 _aChanging scenes.
250 _a ed.
260 _anew york :
_bOxford,
_c1980.
300 _a194 p. ;
_c cm.
504 _anotes.
650 0 _atheology.
908 _a131121
999 _c883
_d883